[Event "SR 1. liga zapad 2010/2011"]
[Site "?"]
[Date "2011.01.09"]
[Round "5.1"]
[White "Huba, Martin"]
[Black "Veres, Andrej"]
[Result "1/2-1/2"]
[WhiteElo "2187"]
[BlackElo "2168"]
[PlyCount "96"]
[EventDate "2010.??.??"]

1. e4 c5 2. Nf3 g6 3. d4 cxd4 4. Nxd4 Nc6 5. Nc3 Bg7 6. Be3 Nf6 7. Be2 O-O 8.
O-O d6 9. h3 Bd7 10. Qd2 Nxd4 11. Bxd4 Bc6 12. Bf3 a5 13. Rfe1 Nd7 14. Bxg7
Kxg7 15. Qd4+ Kg8 16. Nd5 e6 17. Ne3 Qb6 18. Rad1 Rfd8 19. Nc4 Qxd4 20. Rxd4 d5
21. exd5 exd5 22. Ne3 Nb6 23. Red1 Rd7 24. c4 dxc4 25. Rxd7 Bxd7 26. Nxc4 Nxc4
27. Rxd7 Nxb2 28. Rxb7 Na4 29. Bc6 Nc3 30. Rb3 Ne2+ 31. Kf1 Rc8 32. Bb7 Rc2 33.
Bd5 Rd2 34. Ke1 Rd4 35. Bf3 Nf4 36. Ra3 a4 37. Bc6 Nd3+ 38. Ke2 Nb2 39. f3 Rb4
40. Rc3 Kg7 41. Bd5 Rd4 42. Be4 f5 43. Rc7+ Kf6 44. Bc2 h5 45. Rb7 Nc4 46. Bd3
Ne5 47. Bc2 Nc4 48. Bd3 Ne5 1/2-1/2

[Event "SR 1. liga zapad 2010/2011"]
[Site "?"]
[Date "2011.01.09"]
[Round "5.1"]
[White "Janco, Darius"]
[Black "Garban, Mario"]
[Result "1-0"]
[WhiteElo "2083"]
[BlackElo "1931"]
[PlyCount "71"]
[EventDate "2010.??.??"]

1. e4 e5 2. Nf3 Nc6 3. Bc4 Bc5 4. O-O Nf6 5. d3 h6 6. c3 d6 7. h3 O-O 8. a4 a5
9. Be3 Bxe3 10. fxe3 Be6 11. Nbd2 d5 12. exd5 Nxd5 13. Qe2 Qe7 14. Rae1 Rad8
15. Bb3 Qc5 16. d4 Qb6 17. Qb5 exd4 18. exd4 Qxb5 19. axb5 Na7 20. Bxd5 Bxd5
21. c4 Bxf3 22. Nxf3 Nc8 23. c5 f6 24. Re6 b6 25. Rb1 Rd5 26. Rc6 Rf7 27. Rc1
Na7 28. cxb6 Nxc6 29. bxc6 Rb5 30. b7 Rf8 31. Rc5 Rb6 32. d5 Ra6 33. Rb5 Rb8
34. Nd4 Kf7 35. d6 cxd6 36. c7 1-0

[Event "SR 1. liga zapad 2010/2011"]
[Site "?"]
[Date "2011.01.09"]
[Round "5.1"]
[White "Podoba, Milan"]
[Black "Lakatos, Vladimir"]
[Result "1/2-1/2"]
[WhiteElo "2167"]
[BlackElo "2162"]
[PlyCount "32"]
[EventDate "2010.??.??"]

1. e4 c5 2. Nf3 e6 3. d4 cxd4 4. Nxd4 a6 5. c4 Nf6 6. Nc3 Bb4 7. f3 O-O 8. Qb3
Bc5 9. Be3 Qa5 10. Qc2 Qc7 11. Be2 d6 12. Qd2 Bd7 13. O-O Nc6 14. Rfd1 Rfd8 15.
Rac1 Ne5 16. Kf1 Rac8 1/2-1/2

[Event "SR 1. liga zapad 2010/2011"]
[Site "?"]
[Date "2011.01.09"]
[Round "5.1"]
[White "Reisel, Frantisek"]
[Black "Orgon, Dusan"]
[Result "0-1"]
[WhiteElo "2079"]
[BlackElo "2086"]
[PlyCount "56"]
[EventDate "2010.??.??"]

1. d4 f5 2. g3 Nf6 3. Bg2 d5 4. Nf3 e6 5. O-O Bd6 6. c4 c6 7. b3 Qe7 8. Qc2 O-O
9. e3 Ne4 10. Nc3 Nd7 11. Bb2 g5 12. Ne2 Qg7 13. Ne1 g4 14. f3 gxf3 15. Nxf3
Ndf6 16. Nf4 Bd7 17. Nd2 Ng4 18. Qd3 Qh6 19. Nf3 Rf7 20. Qe2 Rg7 21. Rfd1 Rf8
22. Rac1 Kh8 23. Rc2 Rfg8 24. Bc1 Be8 25. Qe1 Bh5 26. Nxh5 Qxh5 27. Ne5 Qxh2+
28. Kf1 Nxg3+ 0-1

[Event "SR 1. liga zapad 2010/2011"]
[Site "?"]
[Date "2011.01.09"]
[Round "5.1"]
[White "Srvatka, Igor"]
[Black "Dobrotka, Martin"]
[Result "0-1"]
[WhiteElo "2205"]
[BlackElo "2238"]
[PlyCount "122"]
[EventDate "2010.??.??"]

1. d4 Nf6 2. c4 d6 3. Nf3 g6 4. g3 Bg7 5. Bg2 c6 6. Nc3 Qa5 7. O-O O-O 8. e4 e5
9. dxe5 dxe5 10. a3 Qc7 11. h3 a5 12. Be3 Be6 13. Nd2 Nh5 14. Kh2 Nd7 15. Bf3
Nf4 16. Rc1 Nd3 17. Rb1 f5 18. Qc2 N3c5 19. Bg2 f4 20. Bxc5 Nxc5 21. b4 axb4
22. axb4 Nd7 23. Bf3 fxg3+ 24. fxg3 Bh6 25. Be2 Rxf1 26. Rxf1 Qd6 27. Ndb1 Qxb4
28. Nd1 Rf8 29. Nf2 Nc5 30. Kg2 Qb3 31. Qc3 Qxc3 32. Nxc3 Bd2 33. Nb1 Be3 34.
Nd3 Bxc4 35. Rxf8+ Kxf8 36. Nxc5 Bxe2 37. Nxb7 Ke7 38. Na5 Kd6 39. Na3 Bd4 40.
Nb7+ Kc7 41. Na5 Kb6 42. Nb3 Bd3 43. Kf3 c5 44. Nc1 Ba6 45. Nc2 c4 46. Nb4 Bb7
47. Nd5+ Kc5 48. Nf6 h5 49. g4 hxg4+ 50. hxg4 Bb2 51. Ne2 c3 52. Nd7+ Kd6 53.
Nf8 Ba6 54. Nxc3 Bxc3 55. Nxg6 Ke6 56. g5 Bd2 57. Nf8+ Kf7 58. Nd7 Bf4 59. Nc5
Bc4 60. Kg4 Kg6 61. Nd7 Be6+ 0-1

[Event "SR 1. liga zapad 2010/2011"]
[Site "?"]
[Date "2011.01.09"]
[Round "5.2"]
[White "Arendas, Marek"]
[Black "Diviak, Rastislav"]
[Result "1/2-1/2"]
[WhiteElo "2089"]
[BlackElo "2014"]
[PlyCount "54"]
[EventDate "2010.??.??"]

1. e4 c5 2. Nc3 Nc6 3. g3 g6 4. Bg2 Bg7 5. d3 d6 6. Nge2 Nf6 7. O-O O-O 8. h3
Rb8 9. a4 a6 10. Bd2 b5 11. axb5 axb5 12. Qc1 Re8 13. f4 b4 14. Nd5 Nxd5 15.
exd5 Nd4 16. Nxd4 Bxd4+ 17. Be3 Bg7 18. c3 Qb6 19. c4 Bf5 20. Qd2 Ra8 21. Rab1
Ra2 22. g4 Bd7 23. f5 Rea8 24. Bg5 Bd4+ 25. Be3 Bg7 26. Bg5 Bd4+ 27. Be3 Bg7
1/2-1/2

[Event "SR 1. liga zapad 2010/2011"]
[Site "?"]
[Date "2011.01.09"]
[Round "5.2"]
[White "Bury, Rastislav"]
[Black "Nicolini, Alexander"]
[Result "1/2-1/2"]
[WhiteElo "2183"]
[BlackElo "2152"]
[PlyCount "29"]
[EventDate "2010.??.??"]

1. d4 f5 2. e4 fxe4 3. Nc3 Nf6 4. Bg5 c6 5. f3 e3 6. Bxe3 e6 7. Bd3 Be7 8. Nge2
b6 9. Nf4 Ba6 10. Ne4 Nd5 11. Nxd5 cxd5 12. Nf2 Qc8 13. c3 Bxd3 14. Nxd3 Nc6
15. O-O 1/2-1/2

[Event "SR 1. liga zapad 2010/2011"]
[Site "?"]
[Date "2011.01.09"]
[Round "5.2"]
[White "Cajka, Tibor"]
[Black "Miklas, Marian"]
[Result "0-1"]
[WhiteElo "2104"]
[BlackElo "2139"]
[PlyCount "82"]
[EventDate "2010.??.??"]

1. e4 c5 2. Nf3 d6 3. d4 cxd4 4. Nxd4 Nf6 5. Nc3 a6 6. Be3 e6 7. g4 h6 8. Rg1
b5 9. f3 Bb7 10. Qd2 Nbd7 11. O-O-O Rc8 12. g5 hxg5 13. Bxg5 b4 14. Nce2 Qa5
15. Kb1 d5 16. Nb3 Qc7 17. exd5 Nxd5 18. Nf4 Bd6 19. Nxd5 Bxd5 20. h4 Ne5 21.
Be2 Nc4 22. Bxc4 Qxc4 23. Rg4 Qc7 24. Rd4 a5 25. Na1 Be5 26. Bf4 O-O 27. Rg1
Bxf4 28. Rxf4 Rfd8 29. Rxg7+ Kxg7 30. Qg2+ Kf8 31. Qg5 e5 32. Qh6+ Ke8 33. Rg4
Be6 34. Rg8+ Kd7 35. Rg7 Kc6 36. Nb3 Rd1+ 37. Nc1 Kb7 38. Qh7 Kb8 39. Qe4 Bd5
40. Qe2 Bxf3 41. Qb5+ Bb7 0-1

[Event "SR 1. liga zapad 2010/2011"]
[Site "?"]
[Date "2011.01.09"]
[Round "5.2"]
[White "Lukac, Roman"]
[Black "Gasa, Andrej"]
[Result "1/2-1/2"]
[WhiteElo "2163"]
[BlackElo "2256"]
[PlyCount "84"]
[EventDate "2010.??.??"]

1. e4 c5 2. Nf3 d6 3. d4 cxd4 4. Nxd4 Nf6 5. Nc3 a6 6. Bc4 e6 7. Qe2 Be7 8. Bb3
Bd7 9. Be3 Nc6 10. O-O-O Qc7 11. g4 Nxd4 12. Rxd4 Bc6 13. g5 Nd7 14. Qh5 Nc5
15. Re1 Nxb3+ 16. axb3 Qa5 17. Kb1 g6 18. Qg4 O-O-O 19. Re2 Kb8 20. b4 Qc7 21.
f4 Qc8 22. Rd3 h5 23. Qg3 b5 24. Bd4 Rhe8 25. Bg1 Qb7 26. f5 gxf5 27. exf5 exf5
28. Qf4 Bf8 29. Rde3 Qd7 30. Qd4 Re6 31. Qb6+ Kc8 32. Qxa6+ Qb7 33. Qxb7+ Kxb7
34. Rxe6 fxe6 35. Rxe6 Re8 36. Rxe8 Bxe8 37. Nd5 Bg7 38. b3 Bf7 39. Nf4 Be5 40.
Be3 Bxf4 41. Bxf4 Kc6 42. Kc1 d5 1/2-1/2

[Event "SR 1. liga zapad 2010/2011"]
[Site "?"]
[Date "2011.01.09"]
[Round "5.2"]
[White "Pagerka, Martin"]
[Black "Lanc, Alois"]
[Result "1-0"]
[WhiteElo "2260"]
[BlackElo "2399"]
[PlyCount "93"]
[EventDate "2010.??.??"]

1. e4 c5 2. Nf3 e6 3. d4 cxd4 4. Nxd4 Nc6 5. Nc3 Qc7 6. g3 a6 7. Bg2 Nf6 8. O-O
d6 9. h3 Bd7 10. Nde2 b5 11. a3 Rd8 12. g4 Bc8 13. g5 Nd7 14. f4 Nb6 15. Ng3 g6
16. f5 Ne5 17. Qe1 Be7 18. Bf4 Bb7 19. b3 Rc8 20. Nce2 exf5 21. Nd4 fxe4 22.
Nxe4 Bxe4 23. Bxe4 O-O 24. Rd1 Rfe8 25. Qa5 Bf8 26. Qxa6 d5 27. Bg2 b4 28. axb4
Bxb4 29. Kh1 Qd8 30. Qb5 Bc5 31. c4 h6 32. gxh6 Ned7 33. Nc6 Qh4 34. cxd5 Ra8
35. d6 Ra2 36. Ne7+ Kh7 37. Bd2 Rf8 38. b4 Bxd6 39. Nf5 Qf6 40. Nxd6 Qxd6 41.
Bf4 Qe6 42. Rd6 Qe7 43. Qd3 Rc8 44. Bc6 Ne5 45. Bxe5 Qxe5 46. Rxf7+ Kh8 47.
Rd8+ 1-0

[Event "SR 1. liga zapad 2010/2011"]
[Site "?"]
[Date "2011.01.09"]
[Round "5.2"]
[White "Pericka, Tomas"]
[Black "Puchart, Vladimir"]
[Result "1/2-1/2"]
[WhiteElo "1966"]
[BlackElo "2064"]
[PlyCount "119"]
[EventDate "2010.??.??"]

1. e4 c5 2. Nf3 d6 3. Nc3 Nf6 4. d4 cxd4 5. Nxd4 a6 6. Be2 e5 7. Nb3 Be7 8. Bg5
Nbd7 9. O-O O-O 10. Qd2 Qc7 11. Rad1 b5 12. a3 Bb7 13. Bg4 h6 14. Bh4 Rad8 15.
Bxd7 Rxd7 16. Bxf6 Bxf6 17. Nd5 Bxd5 18. Qxd5 Rc8 19. c3 Rdd8 20. Rd3 Qc4 21.
Rfd1 Kf8 22. Na5 Qxd5 23. Rxd5 Be7 24. Nb7 Rd7 25. Nxd6 Rcd8 26. Nf5 Rxd5 27.
Rxd5 Rxd5 28. exd5 Bc5 29. Kf1 g6 30. Ne3 Ke7 31. c4 Kd6 32. cxb5 axb5 33. Ke2
f5 34. Kd3 h5 35. g3 Bxe3 36. fxe3 Kxd5 37. h4 Kc5 38. b3 Kd5 39. a4 b4 40. a5
e4+ 41. Ke2 Kc5 42. Kf2 Kb5 43. Kg2 Kxa5 44. Kh2 Kb5 45. Kg2 Kc5 46. Kh2 Kd5
47. Kg2 Ke5 48. Kh2 Kf6 49. Kg2 Kg7 50. Kh2 Kf6 51. Kg2 Kg7 52. Kh2 Kh6 53. Kg2
g5 54. hxg5+ Kxg5 55. Kh3 Kf6 56. Kg2 Ke5 57. Kf2 Kf6 58. Kg2 Kg6 59. Kh2 Kf6
60. Kg2 1/2-1/2

[Event "SR 1. liga zapad 2010/2011"]
[Site "?"]
[Date "2011.01.09"]
[Round "5.2"]
[White "Szitkey, Milan"]
[Black "Polasek, Filip"]
[Result "0-1"]
[WhiteElo "2152"]
[BlackElo "2104"]
[PlyCount "40"]
[EventDate "2010.??.??"]

1. e4 e5 2. Nf3 Nc6 3. Bb5 a6 4. Ba4 Nf6 5. O-O Be7 6. d3 d6 7. c3 O-O 8. Re1
Bg4 9. Nbd2 b5 10. Bb3 d5 11. exd5 Nxd5 12. h3 Bh5 13. g4 Bg6 14. Nxe5 Nxe5 15.
Rxe5 Nf4 16. Nf3 Nxd3 17. Rd5 Bd6 18. Bg5 Qd7 19. Rxd3 Bxd3 20. Ne5 Bxe5 0-1

[Event "SR 1. liga zapad 2010/2011"]
[Site "?"]
[Date "2011.01.09"]
[Round "5.3"]
[White "Berek, Geza"]
[Black "Gulbis, Adrian"]
[Result "1-0"]
[WhiteElo "2216"]
[BlackElo "2153"]
[PlyCount "68"]
[EventDate "2010.??.??"]

1. e4 c5 2. Nf3 d6 3. d4 cxd4 4. Nxd4 Nf6 5. Nc3 g6 6. Be3 Bg7 7. f3 O-O 8. Qd2
Nc6 9. Bc4 Bd7 10. O-O-O a5 11. a4 Rc8 12. Bb3 Ne5 13. Kb1 Nc4 14. Bxc4 Rxc4
15. b3 Rc8 16. g4 Qc7 17. Ncb5 Bxb5 18. Nxb5 Qd8 19. h4 Nd7 20. h5 Nc5 21. Bh6
Bf6 22. Bxf8 Qxf8 23. hxg6 hxg6 24. Qh6 Qd8 25. Qe3 Qb6 26. Rhe1 Qa6 27. f4 g5
28. fxg5 Bg7 29. g6 fxg6 30. Qg5 d5 31. Qxd5+ e6 32. Qg5 Qb6 33. Rd6 Nxe4 34.
Rxe4 Rf8 1-0

[Event "SR 1. liga zapad 2010/2011"]
[Site "?"]
[Date "2011.01.09"]
[Round "5.3"]
[White "Beres, Dominik"]
[Black "Marflak, Miroslav"]
[Result "1-0"]
[WhiteElo "2083"]
[BlackElo "2023"]
[PlyCount "65"]
[EventDate "2010.??.??"]

1. e4 c5 2. Nf3 g6 3. d4 cxd4 4. Qxd4 Nf6 5. e5 Nc6 6. Qh4 Nxe5 7. Nbd2 Nxf3+
8. Nxf3 Bg7 9. Be2 Qb6 10. O-O O-O 11. Bc4 d5 12. Bb3 Bd7 13. Be3 Qd8 14. Rad1
Bc6 15. Bd4 e6 16. Qh3 Ne4 17. Ne5 Qc7 18. f4 Bb5 19. Rfe1 Rae8 20. a4 Bc6 21.
Qe3 a6 22. c3 Rc8 23. Bc2 f5 24. Bb6 Qb8 25. Bxe4 dxe4 26. Nd7 Bxd7 27. Rxd7
Rf7 28. Red1 Rxd7 29. Rxd7 Re8 30. g3 Rf8 31. Qd2 Qc8 32. Qd6 Qe8 33. Rxb7 1-0

[Event "SR 1. liga zapad 2010/2011"]
[Site "?"]
[Date "2011.01.09"]
[Round "5.3"]
[White "Kalisky, Vladimir"]
[Black "Horvath, Mario"]
[Result "1/2-1/2"]
[WhiteElo "2273"]
[BlackElo "2320"]
[PlyCount "119"]
[EventDate "2010.??.??"]

1. e4 c6 2. d4 d5 3. exd5 cxd5 4. Bd3 Nc6 5. c3 Nf6 6. Bf4 Bg4 7. Qb3 Qc8 8.
Nd2 e6 9. Ngf3 Be7 10. Ne5 Nxe5 11. Bxe5 O-O 12. Qc2 Bf5 13. Bxf5 exf5 14. O-O
g6 15. Rfe1 Qc6 16. Re2 b5 17. Qd3 Rfc8 18. Bxf6 Bxf6 19. Rae1 Rab8 20. Nb3 b4
21. Nc5 a5 22. h3 Rb6 23. Qf3 a4 24. g4 fxg4 25. Qxg4 Rd8 26. cxb4 Rxb4 27. Ne6
fxe6 28. Rxe6 Qc8 29. Rxf6 Qxg4+ 30. hxg4 Rxd4 31. f3 Rd2 32. Re7 Rc8 33. Rfe6
Rc1+ 34. Re1 Rxe1+ 35. Rxe1 Rxb2 36. a3 Rb3 37. Kf2 Kf7 38. Rh1 h5 39. gxh5
gxh5 40. Rxh5 Ke6 41. Rh6+ Ke5 42. Rh5+ Kd6 43. Rh6+ Kc5 44. f4 Rxa3 45. f5 Rb3
46. Ra6 Kb5 47. Ra7 Rc3 48. f6 Rc6 49. f7 Rf6+ 50. Ke3 Kb4 51. Kd4 Rf5 52. Rb7+
Ka3 53. Kc5 Ka2 54. Kd6 d4 55. Ke6 Rf1 56. Rb4 a3 57. Rxd4 Kb3 58. Rd3+ Kb2 59.
Rd2+ Kc3 60. Rd8 1/2-1/2

[Event "SR 1. liga zapad 2010/2011"]
[Site "?"]
[Date "2011.01.09"]
[Round "5.3"]
[White "Nemeth, Eugen"]
[Black "Boldis, Frantisek"]
[Result "1-0"]
[WhiteElo "1960"]
[BlackElo "2037"]
[PlyCount "89"]
[EventDate "2010.??.??"]

1. e4 e6 2. d3 c5 3. Nc3 Nc6 4. g3 Nge7 5. Bg2 Ng6 6. Nge2 Be7 7. Be3 a6 8. a4
O-O 9. h4 d6 10. Qd2 Rb8 11. h5 Nge5 12. O-O Ng4 13. f4 Nb4 14. Nd1 d5 15. c3
Nc6 16. Nf2 Nxe3 17. Qxe3 d4 18. Qf3 b6 19. g4 Bb7 20. Ng3 Na5 21. Nh3 f5 22.
Qe2 Bh4 23. Kh2 dxc3 24. bxc3 Bxg3+ 25. Kxg3 fxg4 26. Ng5 Bc8 27. e5 h6 28. Ne4
Rf5 29. Nd6 Rf8 30. Qxg4 Qe7 31. Be4 Bb7 32. Nxb7 Nxb7 33. Qg6 Rf5 34. Bxf5
exf5 35. Qxb6 Rd8 36. Qxa6 Qd7 37. Qc4+ Kh7 38. Rfd1 Qe8 39. Rh1 Qd7 40. Rad1
Ra8 41. Qb5 Qe7 42. Qc6 Ra7 43. Qg6+ Kg8 44. Qxf5 Rxa4 45. Ra1 1-0

[Event "SR 1. liga zapad 2010/2011"]
[Site "?"]
[Date "2011.01.09"]
[Round "5.3"]
[White "Siroky, Jan"]
[Black "Brestak, Jan"]
[Result "0-1"]
[WhiteElo "2188"]
[BlackElo "2149"]
[PlyCount "56"]
[EventDate "2010.??.??"]

1. e4 e5 2. Nf3 Nc6 3. Bb5 f5 4. d4 fxe4 5. Nxe5 Nxe5 6. dxe5 c6 7. Be2 Qa5+ 8.
Nc3 Qxe5 9. O-O d5 10. Be3 Bd6 11. g3 Qe7 12. Nxd5 cxd5 13. Qxd5 Nf6 14. Bb5+
Kf8 15. Qd2 Bg4 16. Bd4 h5 17. Qg5 Rc8 18. c3 Bc5 19. Rac1 Bb6 20. Rfe1 Qe6 21.
b3 Qf5 22. h4 Rh6 23. Bc4 Rg6 24. Qe3 Rxc4 25. bxc4 Bf3 26. Bxb6 Qh3 27. Qc5+
Kg8 28. Qc8+ Qxc8 0-1

[Event "SR 1. liga zapad 2010/2011"]
[Site "?"]
[Date "2011.01.09"]
[Round "5.3"]
[White "Szeko, Ludovit"]
[Black "Fabian, Jaroslav"]
[Result "1/2-1/2"]
[WhiteElo "2078"]
[BlackElo "2202"]
[PlyCount "85"]
[EventDate "2010.??.??"]

1. e4 c5 2. Nf3 d6 3. d4 cxd4 4. Nxd4 Nf6 5. Nc3 Nc6 6. Be2 a6 7. Be3 e6 8. f3
Be7 9. Qd2 O-O 10. g4 Nxd4 11. Bxd4 Nd7 12. O-O-O b5 13. Kb1 Bb7 14. h4 b4 15.
Na4 Bc6 16. b3 Bxa4 17. bxa4 Qa5 18. f4 Qxa4 19. g5 e5 20. fxe5 Nxe5 21. Bxe5
dxe5 22. Qd7 Qxd7 23. Rxd7 Bc5 24. Bc4 a5 25. h5 g6 26. hxg6 hxg6 27. Kb2 a4
28. Rf1 Ra7 29. Rxa7 Bxa7 30. c3 a3+ 31. Kb3 bxc3 32. Kxc3 Kg7 33. Kb4 Be3 34.
Kxa3 Bxg5 35. Kb4 f5 36. a4 fxe4 37. Rxf8 Kxf8 38. Kc5 Ke7 39. Kd5 Kf6 40. Kxe4
Bd2 41. Bb3 Bc3 42. Bc4 g5 43. Be2 1/2-1/2

[Event "SR 1. liga zapad 2010/2011"]
[Site "?"]
[Date "2011.01.09"]
[Round "5.3"]
[White "Szucs, Vladimir"]
[Black "Novotny, Michal"]
[Result "1-0"]
[WhiteElo "2130"]
[BlackElo "2009"]
[PlyCount "61"]
[EventDate "2010.??.??"]

1. Nf3 d5 2. d4 Nf6 3. c4 c6 4. Nc3 dxc4 5. a4 Nd5 6. e3 Nxc3 7. bxc3 b5 8. Ne5
Qd5 9. Be2 Bf5 10. Ba3 f6 11. Nf3 Nd7 12. Nd2 e5 13. Bxf8 Rxf8 14. O-O e4 15.
f3 a6 16. axb5 cxb5 17. fxe4 Bxe4 18. Nxe4 Qxe4 19. Bf3 Qxe3+ 20. Kh1 Kf7 21.
Bd5+ Kg6 22. Bxa8 Rxa8 23. Qg4+ Qg5 24. Qe4+ f5 25. Qxa8 Nf6 26. Rxa6 h5 27.
Qf3 h4 28. d5 b4 29. cxb4 c3 30. Qxc3 Kh5 31. Qf3+ 1-0

[Event "SR 1. liga zapad 2010/2011"]
[Site "?"]
[Date "2011.01.09"]
[Round "5.4"]
[White "Banas, Jan"]
[Black "Balogh, Tomas"]
[Result "1/2-1/2"]
[WhiteElo "2306"]
[BlackElo "2345"]
[PlyCount "21"]
[EventDate "2010.??.??"]

1. c4 e5 2. Nc3 g6 3. Nf3 Bg7 4. d4 exd4 5. Nxd4 d6 6. g3 Nc6 7. Nxc6 bxc6 8.
Bg2 Ne7 9. O-O Be6 10. Qa4 O-O 11. Bg5 1/2-1/2

[Event "SR 1. liga zapad 2010/2011"]
[Site "?"]
[Date "2011.01.09"]
[Round "5.4"]
[White "Debnar, Lubos"]
[Black "Janko, Michal"]
[Result "0-1"]
[WhiteElo "2290"]
[BlackElo "2271"]
[PlyCount "52"]
[EventDate "2010.??.??"]

1. d4 d6 2. c4 e5 3. Nf3 e4 4. Ng5 f5 5. Nc3 Be7 6. Nh3 c6 7. g3 Nf6 8. Bg2 O-O
9. O-O Na6 10. d5 cxd5 11. cxd5 Nc7 12. Qb3 Qe8 13. Be3 Ng4 14. Bxa7 Rxa7 15.
Qb6 Ra6 16. Qxc7 g5 17. Qc4 Qh5 18. Rac1 f4 19. Qxe4 Ne5 20. Nxf4 gxf4 21. gxf4
Ng6 22. e3 Bf5 23. Qc4 Nh4 24. Qe2 Qg6 25. f3 Bd3 26. Qf2 Bxf1 0-1

[Event "SR 1. liga zapad 2010/2011"]
[Site "?"]
[Date "2011.01.09"]
[Round "5.4"]
[White "Dlhy, Jozef"]
[Black "Bogar, Tomas"]
[Result "1-0"]
[WhiteElo "2075"]
[BlackElo "1762"]
[PlyCount "41"]
[EventDate "2010.??.??"]

1. d4 Nf6 2. c4 e6 3. Nf3 d5 4. Bg5 c6 5. Nc3 Be7 6. e3 Nbd7 7. Rc1 O-O 8. Qc2
h6 9. Bh4 dxc4 10. Bxc4 Nb6 11. Bb3 Nfd5 12. Bxe7 Qxe7 13. O-O Bd7 14. e4 Nf6
15. e5 Nfd5 16. Ne4 Rab8 17. a3 Rfd8 18. Ba2 Rbc8 19. Bb1 f6 20. Nd6 Rc7 21.
Qh7+ 1-0

[Event "SR 1. liga zapad 2010/2011"]
[Site "?"]
[Date "2011.01.09"]
[Round "5.4"]
[White "Dolnik, Attila"]
[Black "Gorusa, Miroslav"]
[Result "0-1"]
[WhiteElo "2175"]
[BlackElo "2136"]
[PlyCount "42"]
[EventDate "2010.??.??"]

1. e4 e5 2. Nf3 Nc6 3. d4 exd4 4. Nxd4 Bc5 5. Be3 Qf6 6. Nb5 Bxe3 7. fxe3 Qh4+
8. g3 Qxe4 9. Nxc7+ Kd8 10. Nxa8 Qxh1 11. Qd6 Nf6 12. Nc3 Qf3 13. Be2 Qxe3 14.
Qc7+ Ke7 15. Kf1 Re8 16. Rd1 Kf8 17. Qd6+ Kg8 18. Nc7 Re5 19. Kg2 Rf5 20. Rf1
Ne4 21. N7d5 Qxe2+ 0-1

[Event "SR 1. liga zapad 2010/2011"]
[Site "?"]
[Date "2011.01.09"]
[Round "5.4"]
[White "Kleman, Miroslav"]
[Black "Martiska, Peter"]
[Result "0-1"]
[WhiteElo "2266"]
[BlackElo "2249"]
[PlyCount "94"]
[EventDate "2010.??.??"]

1. e4 c6 2. d3 d5 3. Nd2 g6 4. c3 Bg7 5. Ngf3 dxe4 6. dxe4 Nf6 7. Be2 O-O 8.
O-O a5 9. a4 Na6 10. Qc2 Qc7 11. Re1 Nc5 12. Bf1 b6 13. Ra3 Ba6 14. b4 Bxf1 15.
Kxf1 Ne6 16. Nc4 Rab8 17. bxa5 bxa5 18. g3 Qc8 19. Kg2 Qa6 20. Nce5 Nc5 21. Nd4
Rbc8 22. Bg5 h6 23. Bd2 Nfd7 24. Nxd7 Nxd7 25. f4 e5 26. Nf3 Rcd8 27. Be3 Rfe8
28. c4 Bf8 29. Rd3 exf4 30. gxf4 Nc5 31. Bxc5 Bxc5 32. e5 Qc8 33. Kg3 Rxd3 34.
Qxd3 Qe6 35. Rd1 Rb8 36. Qe4 Rb4 37. Rd8+ Kg7 38. Nd2 Rxa4 39. Rd3 Ra1 40. Nf3
a4 41. Rd8 Rc1 42. Qd3 a3 43. Ra8 Be7 44. Qb3 h5 45. h3 Rh1 46. h4 Qg4+ 47. Kf2
Bc5+ 0-1

[Event "SR 1. liga zapad 2010/2011"]
[Site "?"]
[Date "2011.01.09"]
[Round "5.4"]
[White "Pinter, Patrik"]
[Black "Farkas, Gabor"]
[Result "1-0"]
[WhiteElo "2189"]
[BlackElo "2225"]
[PlyCount "85"]
[EventDate "2010.??.??"]

1. e4 e5 2. Nf3 Nc6 3. Bb5 a6 4. Ba4 Nf6 5. O-O Nxe4 6. d4 b5 7. Bb3 d5 8. dxe5
Be6 9. c3 Bc5 10. Qd3 O-O 11. Nbd2 f5 12. exf6 Nxf2 13. Rxf2 Qxf6 14. Qf1 Bxf2+
15. Qxf2 Rae8 16. h3 Kh8 17. Qg3 d4 18. c4 d3 19. Ne4 Qf5 20. cxb5 axb5 21. Nf2
Bd5 22. Bxd5 Qxd5 23. Bd2 b4 24. a3 Re2 25. axb4 Nd4 26. Bc3 Nxf3+ 27. gxf3 Qd7
28. Nxd3 Rd8 29. Nf2 Kg8 30. Re1 Rxe1+ 31. Bxe1 Re8 32. Bc3 Re6 33. Qf4 Qc6 34.
Kh2 Rg6 35. h4 Qb5 36. Qe4 Kf7 37. Nh3 h6 38. Nf4 Rd6 39. h5 Qf1 40. Qf5+ Kg8
41. Qg4 Qf2+ 42. Ng2 g6 43. hxg6 1-0

[Event "SR 1. liga zapad 2010/2011"]
[Site "?"]
[Date "2011.01.09"]
[Round "5.4"]
[White "Pszota, Erik"]
[Black "Zelovic, Marek"]
[Result "0-1"]
[WhiteElo "1679"]
[BlackElo "2032"]
[PlyCount "48"]
[EventDate "2010.??.??"]

1. Nf3 d5 2. d4 Nf6 3. Nc3 e6 4. Bf4 a6 5. e3 Be7 6. Be2 O-O 7. O-O c5 8. Bd3
Nc6 9. Be5 h6 10. b3 b5 11. Bxf6 Bxf6 12. Be2 Qb6 13. Nb1 cxd4 14. exd4 Nxd4
15. Nxd4 Bxd4 16. c3 Bf6 17. Qc2 Bb7 18. Nd2 Rac8 19. Nb1 b4 20. Rc1 d4 21. Qd3
dxc3 22. Rc2 Rfd8 23. Qg3 Qd4 24. h3 Be4 0-1

[Event "SR 1. liga zapad 2010/2011"]
[Site "?"]
[Date "2011.01.09"]
[Round "5.4"]
[White "Vass, Frantisek"]
[Black "Maros, Milan"]
[Result "1/2-1/2"]
[WhiteElo "2317"]
[BlackElo "2329"]
[PlyCount "60"]
[EventDate "2010.??.??"]

1. d4 d5 2. Nf3 Nf6 3. c4 c6 4. e3 Bg4 5. Qb3 Qb6 6. c5 Qc7 7. Ne5 Bf5 8. Nd2
Nbd7 9. Ndf3 g6 10. Bd3 Bxd3 11. Qxd3 Bg7 12. O-O O-O 13. b4 Nxe5 14. Nxe5 Nd7
15. Nxd7 Qxd7 16. Bb2 Rfe8 17. a4 a6 18. Bc3 e5 19. dxe5 Bxe5 20. Bd4 Bxd4 21.
exd4 Re6 22. Rfe1 Rae8 23. Kf1 Rxe1+ 24. Rxe1 Rxe1+ 25. Kxe1 Qg4 26. g3 Kf8 27.
h4 Ke7 28. Kd2 Ke6 29. Qe3+ Qe4 30. f3 Qxe3+ 1/2-1/2

[Event "SR 1. liga zapad 2010/2011"]
[Site "?"]
[Date "2011.01.09"]
[Round "5.5"]
[White "Federic, Jozef"]
[Black "Petenyi, Tamas"]
[Result "1/2-1/2"]
[WhiteElo "2283"]
[BlackElo "2393"]
[PlyCount "57"]
[EventDate "2010.??.??"]

1. d4 d5 2. c4 c6 3. Nf3 Nf6 4. Nc3 e6 5. e3 Nbd7 6. Qc2 Bd6 7. Bd3 dxc4 8.
Bxc4 b5 9. Bd3 Bb7 10. O-O b4 11. Ne2 c5 12. e4 cxd4 13. Nexd4 O-O 14. Rd1 Qb6
15. Qe2 Ng4 16. h3 Nge5 17. Be3 Bc5 18. Rac1 Nxf3+ 19. gxf3 Bxd4 20. Bxd4 Qxd4
21. Bb5 Qf6 22. Bxd7 Qg5+ 23. Kh1 Qh5 24. Kg2 Qg5+ 25. Kh1 Qh6 26. Kg2 Qg6+ 27.
Kh2 Qf6 28. Kg2 Qg5+ 29. Kh1 1/2-1/2

[Event "SR 1. liga zapad 2010/2011"]
[Site "?"]
[Date "2011.01.09"]
[Round "5.5"]
[White "Janos, Jozef"]
[Black "Bednar, Jan"]
[Result "1/2-1/2"]
[WhiteElo "2181"]
[BlackElo "2104"]
[PlyCount "56"]
[EventDate "2010.??.??"]

1. e4 c5 2. Nf3 d6 3. d4 cxd4 4. Nxd4 Nf6 5. Nc3 a6 6. Bg5 e6 7. f4 Be7 8. Qf3
Qc7 9. O-O-O Nbd7 10. g4 b5 11. Bxf6 Nxf6 12. g5 Nd7 13. f5 Bxg5+ 14. Kb1 Ne5
15. Qh5 h6 16. Nxe6 Bxe6 17. fxe6 O-O 18. h4 Be7 19. Nd5 Qa7 20. Bh3 Kh7 21.
exf7 Rxf7 22. Qe2 Rf2 23. Qe3 Nc4 24. Qg3 Bf6 25. Bf5+ Rxf5 26. exf5 Bxb2 27.
Qg6+ Kh8 28. Rhe1 Be5 1/2-1/2

[Event "SR 1. liga zapad 2010/2011"]
[Site "?"]
[Date "2011.01.09"]
[Round "5.5"]
[White "Kovac, Andrej"]
[Black "Certek, Pavel"]
[Result "0-1"]
[WhiteElo "2117"]
[BlackElo "2250"]
[PlyCount "134"]
[EventDate "2010.??.??"]

1. d4 Nf6 2. c4 g6 3. Nc3 Bg7 4. g3 d5 5. Bg2 dxc4 6. Qa4+ Nfd7 7. Be3 O-O 8.
Qxc4 Nb6 9. Qd3 Nc6 10. Nf3 Bf5 11. Qd1 Nc4 12. O-O Nxe3 13. fxe3 Bh6 14. e4
Bg4 15. d5 Bxf3 16. exf3 Ne5 17. f4 Nd7 18. Kh1 Re8 19. e5 Bg7 20. Rc1 a6 21.
Qe2 f6 22. e6 Nf8 23. f5 Bh6 24. Rcd1 Qd6 25. Be4 Kg7 26. Qg4 Qb6 27. b3 Qe3
28. Rd3 Qc5 29. h4 Qb4 30. Kg2 Red8 31. Rh1 Rac8 32. h5 g5 33. Rhd1 b5 34. Bf3
Qc5 35. Qd4 Qxd4 36. Rxd4 g4 37. Bxg4 Be3 38. R4d3 Bb6 39. Bf3 h6 40. Ne2 Nh7
41. Nd4 Bc5 42. Nc6 Rg8 43. b4 Bd6 44. Ra3 Ra8 45. Ra5 Ng5 46. Rd3 Kh7 47. g4
Rg7 48. Rd4 Rgg8 49. Be2 Be5 50. Rd3 Bd6 51. Rda3 Ne4 52. Kf3 Ng5+ 53. Ke3 Nh3
54. Rxa6 Rae8 55. R3a5 Bf4+ 56. Ke4 Bd6 57. Rxb5 Nf2+ 58. Kd4 Nxg4 59. a4 Ne5
60. Nxe5 Bxe5+ 61. Ke4 Rg1 62. Rc6 Reg8 63. Rc2 R8g3 64. Bf3 Rf1 65. Rg2 Rgxf3
66. Rg1 Rc3 67. d6 Rf4+ 0-1